| 000 | 01375cam a22003735i 4500 | ||
|---|---|---|---|
| 001 | 14296949 | ||
| 003 | EG-ScBUE | ||
| 005 | 20260315101402.0 | ||
| 008 | 060313t2007 flua f be 001 0 eng d | ||
| 020 | _a1566706459 | ||
| 020 | _a9781566706452 | ||
| 040 |
_aEG-ScBUE _beng _erda _cEG-ScBUE _dEG-ScBUE |
||
| 082 | 0 | 4 |
_a553.703 _bWAT _222 |
| 245 | 0 | 4 |
_aThe water encyclopedia : _bhydrologic data and internet resources / _cedited by Pedro Fierro, Jr., Evan K. Nyer. |
| 250 | _aThird edition. | ||
| 264 | 1 |
_aBoca Raton : _bCRC / Taylor & Francis, _c[2007] |
|
| 264 | 4 | _cc2007 | |
| 300 |
_a1 volume (various pagings) : _billustrations ; _c29 cm |
||
| 336 |
_2rdacontent _atext _btxt |
||
| 337 |
_aunmediated _2rdamedia _bn |
||
| 338 |
_avolume _bnc _2rdacarrier |
||
| 504 | _aIncludes bibliographical references and index. | ||
| 650 | 7 |
_aWater resources development _vEncyclopedias. _2BUEsh |
|
| 650 | 7 |
_aHydrology _vEncyclopedias. _2BUEsh |
|
| 650 | 7 |
_aWater resources development _xComputer network resources. _2BUEsh |
|
| 650 | 7 |
_aHydrology _xComputer network resources. _2BUEsh |
|
| 650 | 7 |
_aWater resources development _vCharts, diagrams, etc. _2BUEsh |
|
| 650 | 7 |
_aHydrology _vCharts, diagrams, etc. _2BUEsh |
|
| 653 |
_bENGGEN _cDecember2016 |
||
| 655 | _vReading book | ||
| 700 | 1 |
_aFierro, Pedro, _eeditor. |
|
| 700 | 1 |
_aNyer, Evan K., _eeditor. |
|
| 942 |
_2ddc _cBB |
||
| 999 |
_c23697 _d23669 |
||